| 000 | 01069nam a22003251i 4500 | ||
|---|---|---|---|
| 999 |
_c28643 _d28614 |
||
| 001 | 016602453 | ||
| 003 | EG-ScBUE | ||
| 005 | 20200901122840.0 | ||
| 008 | 150410t2014 enka f b 001 0 eng d | ||
| 020 | _a9781292039961 (paperback) | ||
| 020 | _a1292039965 (paperback) | ||
| 040 |
_aStDuBDS _beng _erda _cStDuBDS _dEG-ScBUE |
||
| 082 | 0 | 4 |
_a658.3 _bDES _222 |
| 100 | 1 |
_aDessler, Gary, _d1942- _eauthor. |
|
| 245 | 1 | 2 |
_aA framework for human resource management / _cGary Dessler. |
| 250 | _aSeventh edition. | ||
| 250 | _aInternational edition. | ||
| 264 | 1 |
_aHarlow, Essex : _bPearson Education Limited, _c[2014] |
|
| 264 | 4 | _c©2014 | |
| 300 |
_aii, 390 pages : _billustrations (black and white) ; _c28 cm |
||
| 336 |
_atext _2rdacontent _btxt |
||
| 336 |
_astill image _2rdacontent _btxt |
||
| 337 |
_aunmediated _2rdamedia _bn |
||
| 338 |
_avolume _2rdacarrier _bnc |
||
| 504 | _aIncludes bibliographical references and index. | ||
| 650 | 7 |
_aPersonnel management. _2BUEsh |
|
| 653 |
_bBUSADM _cAugust2020 |
||
| 655 |
_vReading book _934232 |
||
| 942 |
_2ddc _cBB |
||